O sétimo andar (Record no. 1993)

MARC details
000 -Etiqueta do registo
Valores 00665nam a2200241 4500
010 ## - Número ISBN
ISBN 9789892366081
021 ## - Número do Depósito Legal
Código do país Portugal
Número 548462/25
100 ## - Dados gerais de processamento
Dados gerais 20251120d2025 m y0pory50030103ba
101 ## - Língua de publicação
Língua Português
102 ## - País de publicação
País Portugal
200 ## - Titulo e menção de responsabilidade
Título próprio O sétimo andar
Primeira menção de responsabilidade David McCloskey
Outras menções de responsabilidade trad. Teresa Mendonça
205 ## - Menção da edição
Edição 1ª edição
210 ## - Publicação
Local de publicação Alfragide
Nome do editor Lua de Papel
Data de publicação 2025
215 ## - Descrição física 
Paginação / Volumes 463, [1] p.
Dimensões 24 cm
300 ## - Notas gerais 
Texto da nota BMB-Registado
304 ## - Nota relativa ao título
Texto de nota Tít. orig.: Th seventh Floor
675 ## - CDU
Notação 821.111(73)-312.4 MCC / SET
Edição BMB
Língua por
700 ## - Autor principal (pessoa individual)
Apelido McCloskey
Nome David
ID Autoridade 2866
702 ## - Autor secundário (pessoa individual)
Apelido Mendonça
Nome Teresa
Função Tradutor
ID Autoridade 2867
801 ## - Fonte de origem
País PT
Agência BMB
Regras de catalogação RPC
990 ## - Elementos KOHA
Tipo de documento Livro
Holdings
Situação do levantamento Estado Número Biblioteca de origem Código de barras Cota Permissão de empréstimo Tipo de documento Forma de aquisição
    1 Biblioteca Municipal de Borba 1943 821.111(73)-312.4 MCC / SET   Livro Compra
Biblioteca Municipal de Borba

Powered by Koha